Gramática del idioma mundial Ido (Idiomo di omni) : (Record no. 111018)

MARC details
000 -LEADER
campo de control de longitud fija 00673nam a2200193 i 4500
001 - NÚMERO DE CONTROL
campo de control 111018
003 - IDENTIFICADOR DE NÚMERO DE CONTROL
campo de control ES-MaACL
005 - FECHA Y HORA DE LA ÚLTIMA TRANSACCIÓN
campo de control 20230906185226.0
007 - CAMPO FIJO DE DESCRIPCIÓN FÍSICA--INFORMACIÓN GENERAL
campo de control de longitud fija t|
008 - DATOS DE LONGITUD FIJA--INFORMACIÓN GENERAL
campo de control de longitud fija 061121s1965 sp |||| | spa d
080 ## - NÚMERO DE LA CLASIFICACIÓN DECIMAL UNIVERSAL
Número de la Clasificación Decimal Universal 811.922
100 1# - ENTRADA PRINCIPAL--NOMBRE DE PERSONA
Nombre de persona Nadal y de Quadras, Juan Luis de.
9 (RLIN) 84818
245 10 - MENCIÓN DEL TÍTULO
Título Gramática del idioma mundial Ido (Idiomo di omni) :
Resto del título esperanto reformado /
Mención de responsabilidad, etc. por Juan Luis de Nadal y de Quadras ; en colaboración con Francisco Ballester Gales.
260 ## - PUBLICACIÓN, DISTRIBUCIÓN, ETC.
Lugar de publicación, distribución, etc. Barcelona :
Nombre del editor, distribuidor, etc. Sociedad Idista Española,
Fecha de publicación, distribución, etc. 1965.
300 ## - DESCRIPCIÓN FÍSICA
Extensión 78 p. ;
Dimensiones 17 cm.
650 #4 - PUNTO DE ACCESO ADICIONAL DE MATERIA--TÉRMINO DE MATERIA
Término de materia o nombre geográfico como elemento de entrada Esperanto.
9 (RLIN) 12494
700 1# - ENTRADA AGREGADA--NOMBRE PERSONAL
Nombre de persona Ballester Gales, Francisco.
9 (RLIN) 25016
852 4# - LOCALIZACIÓN
Ubicación ES-MaACL
Número de control de estantería C-28348
Holdings
Estatus retirado Estado de pérdida Estado de daño No para préstamo Biblioteca de origen Biblioteca actual Ubicación en estantería Fecha de adquisición Fuente de adquisición Total de préstamos Signatura topográfica completa Código de barras Visto por última vez Precio de reemplazo Tipo de ítem Koha
        Biblioteca del Ateneo de Madrid Biblioteca del Ateneo de Madrid Depósito 2 17/01/2008     C-28348 1115830 23/02/2023 23/02/2023 Libro impreso